01109nam a2200265Ia 450000500170000000800410001702000180005804000080007605000210008410000160010524500790012126000440020030000230024433700100026733800140027733900120029150000630030350502310036665000360059765000330063370000430066694200070070995201100071699900170082620231102151425.0121028t2001 mx g 000 0 spa d a968-444-495-8 eRDA aQA76.73 Z33 200110aZHANG, Tony10aAprendiendo C en 24 horas c/ Tony Zhang ; trad. Sergio Kourchenko Barrena aMéxico b: Pearson Educaciónc,2001 axvi, 529 páginas atexto asin medio avolumen aTraducción de: SAMS teach yourself C in 24 hours 2th ed. aIntroducción Parte I: Los fundamentos El primer paso Su primer programa La estructura de un programa Tipos de datos y palabras reservadas Manejo de la entrada y salida estándar Parte II Operadores e instrucciones 10aC (LENGUAJE DE PROGRAMACIÓN) 20aPROGRAMACIÓN (COMPUTADORA)10aKOURCHENKO BARRENA, Sergio;dtraductor cLB 00104070a14b14d2009-01-15l2oQA76.73 Z33 2001p14 000019r2015-06-26s2015-06-26t1w2012-10-28yLB c84725d84725